مكتبة جامعة عجلون الوطنية

فهرس بحث المكتبة

Normal view MARC view
  • الادارة الاستراتيجية

Entry Topical Term

Number of records used in: 1

001 - CONTROL NUMBER

  • control field: 57962

003 - CONTROL NUMBER IDENTIFIER

  • control field: JO-AjAnu

005 - DATE AND TIME OF LATEST TRANSACTION

  • control field: 20230606083504.0

008 - FIXED-LENGTH DATA ELEMENTS

  • fixed length control field: 230606|| aca||aabn | a|a d

040 ## - CATALOGING SOURCE

  • Original cataloging agency: JO-AjAnu
  • Transcribing agency: JO-AjAnu

150 ## - HEADING--TOPICAL TERM

  • Topical term or geographic name entry element: الادارة الاستراتيجية

670 ## - SOURCE DATA FOUND

  • Source citation: Work cat.: (JO-AjAnu)29572: الياسري، اكرم محسن، م.مشارك ايناس ناصر علكة الموسوس, author 57961, مفاهيم معاصرة في الادارة الاستراتيجية وتظرية المنظمة: ( تكنولوجيا المعلومات المصرفية، حوكمة المصارف، الرقابة السلوكية)، ج2